00340 a2200097 4500001001000000005001700010008004100027245004300068100002800111773010300139ART_3965820260410162012.0260409a 10aHacia un sistema tributario perdurable1 aRemes Lenicov, Jorge L.0 tPropuestas para la sociedad, el gobierno y la produccióng- Año 5, Nº 9 (nov. 2001)wREV39547